[Event "Let's Play Chess!"]
[Site "http://www.queenalice.com/game.php?id=5640"]
[Date "2005.2.21"]
[Round "-"]
[White "NextFuture"]
[Black "georgiaflag"]
[Result "0-1"]
[WhiteElo "1951"]
[BlackElo "1904"]

1. b3 d5 2. Bb2 Nf6 3. f4 g6 4. Nf3 Bg7 5. e3 O-O 6. Be2 c5 7. O-O Nc6 8. Ne5
Qc7 9. Bf3 Ne4 10. Nd3 Bxb2 11. Nxb2 Nf6 12. Nc3 Rd8 13. Nd3 Bf5 14. a3 b6 15.
g4 Bxd3 16. cxd3 d4 17. g5 dxc3 18. gxf6 Rxd3 19. Qc2 Rad8 20. dxc3 Rxe3 21.
Rad1 Rxd1 22. Bxd1 exf6 23. Qd2 Re6 24. h4 Rd6 25. Qe3 Qe7 26. Qf3 c4 27. bxc4
Rd2 28. h5 Na5 29. h6 Nxc4 30. Bb3 Na5 31. Ba4 Qc5+ 32. Kh1 Qf8 33. Qh3 Qxa3 34.
Re1 Rd8 35. Bc2 Nc4 36. f5 Qc5 37. fxg6 hxg6 38. Bxg6 fxg6 39. Qe6+ Kh7 0-1

[Event "Let's Play Chess!"]
[Site "http://www.queenalice.com/game.php?id=5642"]
[Date "2005.2.21"]
[Round "-"]
[White "georgiaflag"]
[Black "NextFuture"]
[Result "1-0"]
[WhiteElo "1833"]
[BlackElo "1928"]

1. d4 f5 2. g3 Nf6 3. Bg2 e6 4. c4 Be7 5. Nf3 O-O 6. O-O d6 7. Nc3 Na6 8. Bg5 c6
9. Rc1 h6 10. Be3 Qe8 11. Bf4 g5 12. Bd2 Qh5 13. e3 g4 14. Ne1 Nh7 15. b3 e5 16.
Nd3 Bf6 17. c5 exd4 18. exd4 Ng5 19. cxd6 Bxd4 20. b4 Bd7 21. b5 f4 22. Nxf4
Rxf4 23. Bxf4 Nf3+ 24. Bxf3 gxf3 25. bxa6 Bg4 26. axb7 Rf8 27. h4 Bf6 28. d7
Bxh4 29. gxh4 Qxh4 30. Qd6 Bxd7 31. Qg6+ 1-0

[Event "Challenge"]
[Site "http://www.queenalice.com/game.php?id=7947"]
[Date "2005.3.26"]
[Round "-"]
[White "georgiaflag"]
[Black "floridaflag"]
[Result "0-1"]
[WhiteElo "1935"]
[BlackElo "2042"]

1. d4 e6 2. e4 a6 3. Bd3 b5 4. Nf3 c5 5. c3 Bb7 6. O-O Be7 7. dxc5 Bxc5 8. Nbd2
Nc6 9. Nb3 Bb6 10. Bg5 Nge7 11. a4 bxa4 12. Rxa4 O-O 13. Qe2 d6 14. Nbd4 Nxd4
15. Nxd4 h6 16. Bxe7 Qxe7 17. Re1 Qf6 18. Rea1 a5 19. Bb5 Rfc8 20. f3 e5 21. Rd1
d5 22. Kh1 dxe4 23. fxe4 exd4 24. cxd4 Qf4 25. d5 Rc1 26. Ra1 Rac8 27. Raxc1 Rf8
28. Qc2 Rc8 29. Rd3 Rxc2 0-1

[Event "Challenge"]
[Site "http://www.queenalice.com/game.php?id=11362"]
[Date "2005.4.28"]
[Round "-"]
[White "georgiaflag"]
[Black "jimwilson"]
[Result "1-0"]
[WhiteElo "1908"]
[BlackElo "1732"]

1. e4 c6 2. Nc3 d5 3. d4 dxe4 4. Nxe4 Bf5 5. Ng3 Bg6 6. N1e2 e6 7. h4 h6 8. Nf4
Bh7 9. Bc4 Nf6 10. Bb3 Bd6 11. O-O Nbd7 12. Re1 Qc7 13. Qf3 e5 14. Nfh5 O-O 15.
Bxh6 e4 16. Nxe4 Bxe4 17. Rxe4 Nxe4 18. Qxe4 Rfe8 19. Qg6 1-0

[Event "Challenge"]
[Site "http://www.queenalice.com/game.php?id=14824"]
[Date "2005.5.31"]
[Round "-"]
[White "georgiaflag"]
[Black "floridaflag"]
[Result "0-1"]
[WhiteElo "1953"]
[BlackElo "2062"]

1. e4 c6 2. d4 d5 3. exd5 cxd5 4. Bb5+ Nc6 5. Bxc6+ bxc6 6. Nc3 Nf6 7. Nf3 Bg4
8. O-O e6 9. h3 Bh5 10. Qd3 Bd6 11. Ne5 O-O 12. Bg5 Qc7 13. Bxf6 gxf6 14. Ng4
Bxg4 15. hxg4 a6 16. g3 c5 17. dxc5 Qxc5 18. Kg2 Kg7 19. Rh1 Rh8 20. Na4 Qb5 21.
Qxb5 axb5 22. Nc3 b4 23. Nd1 Rhc8 24. c3 bxc3 25. Nxc3 Be5 26. a4 Bxc3 27. bxc3
Rxc3 28. Rhb1 Rc4 0-1